000170099 001__ 170099 000170099 005__ 20240620140032.0 000170099 0247_ $$2ISSN$$a0092-1354 000170099 0247_ $$2ISSN$$a0098-1354 000170099 0247_ $$2WOS$$aWOS:000280625200021 000170099 0247_ $$2DOI$$a10.1016/j.compchemeng.2010.02.022 000170099 0247_ $$2HSB$$ahsb999910025466 000170099 0247_ $$2SCOPUS$$aSCOPUS:2-s2.0-77954532611 000170099 037__ $$aRWTH-CONV-047638 000170099 041__ $$aEnglish 000170099 1001_ $$0P:(DE-82)014271$$aHechinger, Manuel$$b0$$eAuthor 000170099 1112_ $$a7. International Conference on the Foundations of Computer-Aided Process Design$$cBreckenridge, CO$$gFOCAPD$$wUSA 000170099 245__ $$aTargeted QSPR for the prediction of the laminar burning velocity of biofuels$$honline, print 000170099 260__ $$aAmsterdam [u.a.]$$bElsevier$$c2010 000170099 3367_ $$0PUB:(DE-HGF)16$$2PUB:(DE-HGF)$$aJournal Article$$bjournal$$mjournal 000170099 3367_ $$0PUB:(DE-HGF)8$$2PUB:(DE-HGF)$$aContribution to a conference proceedings 000170099 3367_ $$2DataCite$$aOutput Types/Journal article 000170099 3367_ $$00$$2EndNote$$aJournal Article 000170099 3367_ $$2BibTeX$$aARTICLE 000170099 3367_ $$2ORCID$$aJOURNAL_ARTICLE 000170099 3367_ $$2DRIVER$$aarticle 000170099 591__ $$aGermany 000170099 653_7 $$2eng$$aTargeted QSPR 000170099 653_7 $$2eng$$alaminar burning velocity 000170099 653_7 $$2eng$$aproperty prediction 000170099 653_7 $$2eng$$abiofuels 000170099 653_7 $$2eng$$aproduct design 000170099 653_7 $$2eng$$aCAMD 000170099 7001_ $$0P:(DE-82)000870$$aMarquardt, Wolfgang$$b1$$eAuthor 000170099 770__ $$aSelected papers from the 7th International Conference on the Foundations of Computer-Aided Process Design : FOCAPD, 2009, Breckenridge, Colorado, USA / Ed. by Mahmoud M. El-Halwagi ... 000170099 773__ $$0PERI:(DE-600)1499971-7$$a10.1016/j.compchemeng.2010.02.022$$p1507-1514$$tComputers & chemical engineering : CACE$$v34$$x0092-1354 000170099 909CO $$ooai:publications.rwth-aachen.de:170099$$pVDB 000170099 9151_ $$0StatID:(DE-HGF)0031$$2StatID$$aPeer reviewed article 000170099 9201_ $$0I:(DE-82)416410_20140620$$k416410$$lLehrstuhl für Prozesstechnik$$x0 000170099 961__ $$c2014-08-12$$x2011-02-01$$z2012-02-20 000170099 970__ $$ahsb999910025466 000170099 980__ $$ajournal 000170099 980__ $$acontrib 000170099 980__ $$aI:(DE-82)416410_20140620 000170099 980__ $$aVDB 000170099 980__ $$aUNRESTRICTED 000170099 980__ $$aConvertedRecord